00546 aa a2200181 450000500170000001000060001702000130002303500120003603700080004808200110005610000430006724501250011024600090023526000500024427000120029430000520030649000060035820120618120217.0 a  c30.00a  aB-76509 bpub a615.53 aदीक्षित, राजेश aनर्वसनैस की होम्यो.. चिकित्सा /cराजेश दीक्षित  a b  aमथुराbभाषा भवनc2002 a b e  a120पृc22 सेमी (अजिल्द) a